000 nam a22 7a 4500
999 _c8398
_d8398
008 180116b ||||| |||| 00| 0 eng d
100 _aSiddiqui.S.etal.
_94807
245 _aWords-worth English
260 _aNew Delhi
_bAvichal
_c2009